Państwa z literą Ś w nazwie - Statystyki

Ogólne statystyki
  • Ten quiz został rozwiązany 45 razy
  • Średni wynik to 3 z 5
Statystyki odpowiedzi
Kontynent Państwo % Poprawnych
Europa Białoruś
81%
Afryka Republika Środkowoafrykańska
75%
Europa Bośnia i Hercegowina
72%
Afryka Wyspy Świętego Tomasza i Książęca
50%
Afryka Wybrzeże Kości Słoniowej
42%
Nie znaleziono quizów pasujących do podanych kryteriów
Rozkład punktacji
Procent ludzi z każdym wynikiem
Percentyl według liczby udzielonych odpowiedzi
Twoja historia wyników
Nie rozwiązałeś tego quizu